00564nam a2200157Ia 4500008004100000041000800041082001600049100002500065245007300090260000900163365001700172700002500189906002800214999001900242952014500261230718s9999 xx 000 0 und d aeng a003.54bGLA aGlavieux A.9128211 aChannel Coding In Communication Networks bFrom Theory To Turbocodes bIste cRs.b1495.00 aGlavieux A.9128211 dB:126803-Aug-2007cCOMP c317341d317341 00104070aCCEPbCCEPd2007-09-10eTbsfCOMPg1495.00i1268l0o003.54pCCEP-BK-28548r2023-07-18 00:00:00v1495.00w2007-08-03yBKz028548